000 00433nmm a22001577a 4500
005 20131213164411.0
008 131213b2002 ck ||||| |||| 00| 0 spa d
041 _aspa
044 _ack
090 _aLB
_b05865
110 _aCORPONOR
_93363
245 _aEstudios de caracterización y zonificación ambiental de la unidad biográfica de Saturban
260 _as.l.
_bCORPONOR
_c2002
300 _a388 p.,
_c13 cm
942 _2z
_cCD-ROM
999 _c8052
_d8052